000 00573nam a2200217Ia 4500
005 20260429112105.0
008 260429s9999||||xx |||||||||||||| ||und||
020 _a9781032189185
041 _aEnglish
082 _a174.2
_bSEA
100 _aSeay, Gary
245 0 _aEngaging bioethics :
_ban introduction with case studies /
_cGary Seay
250 _a2nd ed.
260 _aNew York :
_bRoutledge,
_c2024.
300 _axvii, 459 p.; pbk
650 _a Moral issues
650 _a Society
650 _aBioethics
700 _a Nuccetelli, Susana
942 _cTB
999 _c52303
_d52303